The economics of the swap market
Αποθηκεύτηκε σε:
| Κύριος συγγραφέας: | |
|---|---|
| Μορφή: | Βιβλίο |
| Γλώσσα: | English |
| Δημοσίευση: |
London : New York :
Routledge,
1989
|
| Θέματα: | |
| Ετικέτες: |
Προσθήκη ετικέτας
Δεν υπάρχουν, Καταχωρήστε ετικέτα πρώτοι!
|
MARC
| LEADER | 00000cam a2200000 i 4500 | ||
|---|---|---|---|
| 001 | 1/28540 | ||
| 008 | 950726s1989 eng d | ||
| 020 | |a 0415035031 | ||
| 035 | |l 10023056 | ||
| 040 | |a GR-MY-UA |b gre |e aacr | ||
| 041 | 0 | |a eng | |
| 082 | 0 | |a 332.45 | |
| 100 | 1 | |a Brown, Brendan |d 1951- | |
| 245 | 1 | 4 | |a The economics of the swap market / |c Brendan Brown |
| 260 | |a London : |a New York : |b Routledge, |c 1989 | ||
| 300 | |a 116 p.; |c 23 cm | ||
| 504 | |a Includes bibliographical references (p. 112) and index | ||
| 650 | 0 | 0 | |a Swaps (Finance) |
| 852 | |a INST |b CHIOS |e 19950726 |h 332.45 BRO |p 005200003349 |q 005200003349 |t BK |y 0 | ||
| 852 | |a INST |b CHIOS |e 19950726 |h 332.45 BRO |p 005200003375 |q 005200003375 |t BK |y 0 | ||
| 909 | |a Χ |b 033111 | ||
| 909 | |a Χ |b 031288 | ||